00668nam a2200205Ia 4500001000700000003000500007008004100012010001100053040000900064082001500073100007700088245008600165260003700251300001000288440000500298500000500303503000500308650010500313650004400418Z_1624CHAP220113s1987 xx 000 0 und d a164711 cCHAP a636.08 R46 aReunión de Investigación Pecuaria en México (1987: México, D.F.) aMemorias /cpor Instituto Nacional de Investigaciones Forestales y Agropecuarias aMéxico :bEl Instituto,c1987 a444 p a a a aGanaderíaxCongresos I. Instituto Nacional de Investigaciones Forestales y Agropecuarias. México aGanaderíaxInvestigaciónxMéxico